000 00905cam a2200301 a 4500
001 3022449
003 OSt
005 20160229190946.0
008 940516s1993 nr b 001 0 eng d
010 _a 94159307
015 _aGB94-41759
020 _a9782461725
035 _a(OCoLC)30777267
040 _aUk
_cUk
_dDLC
042 _alccopycat
050 0 0 _aJC423
_b.N93 1993
082 0 0 _a321.8
_220
_bNIJ 1993
100 1 _aNwabueze, B. O.
_q(Benjamin Obi)
_96909
245 1 0 _aDemocratisation /
_cB.O. Nwabueze.
260 _aIbadan :
_bSpectrum Law Pub.,
_c1993.
300 _ax, 304 p. ;
_c21 cm.
440 0 _aSpectrum law series
_96910
504 _aIncludes bibliographical references and index.
650 0 _aDemocracy.
_91184
906 _a7
_bcbc
_ccopycat
_d3
_encip
_f19
_gy-gencatlg
942 _2ddc
_cSLOAN
999 _c3113
_d3113